|
|
|
|
| LEADER |
00000ckm a2200000 a 4500 |
| 001 |
vtls001413166 |
| 003 |
SK-MaSNL |
| 005 |
20260512121957.0 |
| 007 |
kp bo |
| 008 |
231206n xo g 0kuslo |
| 015 |
|
|
|a SNBG
|
| 035 |
|
|
|a SNK000367890
|
| 040 |
|
|
|a SNK
|b slo
|c SNK
|e AACR2
|
| 041 |
0 |
|
|a slo
|
| 043 |
|
|
|a e-xo---
|
| 044 |
|
|
|a xo
|c SK
|
| 080 |
|
|
|a 908(437.613.111)
|2 2001
|
| 080 |
|
|
|a 711.437
|2 2001
|
| 080 |
|
|
|a (084.121)
|2 2001
|
| 245 |
0 |
0 |
|a Bánovce nad Bebravou
|h grafika
|
| 260 |
|
|
|a [Bratislava]
|b SVPL
|c [s.a.]
|
| 300 |
|
|
|a 1 pohľadnica
|b čiernobiela
|c 9 x 14 cm
|
| 650 |
0 |
7 |
|a obce
|2 SNKPH
|9 2935
|
| 651 |
|
7 |
|a Bánovce nad Bebravou (Slovensko)
|2 SNKPH
|9 30527
|
| 655 |
|
7 |
|a miestne pohľadnice
|2 SNKPH
|9 70510
|
| 958 |
|
|
|a GC
|
| 958 |
|
|
|a GBN
|
| 999 |
|
|
|c 553752
|d 555682
|
| 952 |
|
|
|a SNK
|b SNK
|y PREZ
|7 0
|p 17A1163727
|o snkSP 2689 D1
|0 0
|1 0
|4 0
|d 2015-08-03
|l 0
|r 2026-02-23 13:17:33
|w 2026-02-23
|
| 952 |
|
|
|a SNK
|b SNK
|y PREZ
|7 0
|p 17A0299939
|o snkSP 2689
|0 0
|1 0
|4 0
|d 2001-05-15
|l 0
|r 2005-01-02 00:00:00
|w 2026-02-23
|